000 00646nam a2200205 4500
008 s2002 fr fre u
040 _aLB-BrCRDP
082 1 _aFi. CE2/C3
_bCha
100 1 _aRoland Charnay
245 1 0 _aCap maths CE2
_bLe matériel pour les activités- Les suppots pour la différenciation (les fiches photocopiables)
_cRoland Charnay
260 _aParis
_bHatier
_c2002
490 0 _aCap maths
650 4 _aproblème
650 4 _aNombres et numération
650 4 _aCalcul
650 4 _aEspace et géométrie
650 4 _aGrandeurs et mesures
942 _cBK
999 _c7877
_d7877